| 000 | 00575nam a2200205 a 4500 | ||
|---|---|---|---|
| 001 | BRCA_8036 | ||
| 005 | 20190320210115.0 | ||
| 008 | 250314s1952----gw-a###f##---#000-0#ger-# | ||
| 041 | _ager | ||
| 044 | _agw | ||
| 050 | 4 |
_aMLCM84 _b.S38 1952 |
|
| 100 | 1 |
_aSchumann, Werner _919374 |
|
| 245 | 1 | 0 |
_aZille sein Milljöh _bauswahl und text _cWerner Schumann. |
| 260 |
_aHannover, Alemania _bFackelträger-Verlag _c1952 |
||
| 300 |
_a1 v. (sin paginación) _bil. _c24 cm. |
||
| 500 | _aY48 | ||
| 650 | 1 | 4 |
_aMúsica _vCompilación _zAlemania _919971 |
| 902 | _aGFM | ||
| 942 |
_2lcc _cB |
||
| 999 |
_c7705 _d7705 |
||